00562nmm a2200193Ia 4500008004100000020001800041041000800059100002500067245001900092264008600111300001600197490002100213650001500234700002500249700001800274856005200292942000700344999001700351251105s9999||||xx |||||||||||||||||und|| a9788419834300 aspa aMazzanti, Marcelo E. 0aBuscando a Oso a[Madrid, España] :bDuomo ediciones, c[Fecha de publicación no identificada] a0 páginas aInfantil-Juvenil aLiterature aMazzanti, Marcelo E.1 a Gold, Hannah uhttps://public.digitaliapublishing.com/a/162403 cCF c68678d68678